LEADER 01403nam a2200301 a 4500 001 000000169114 003 CaOOAMICUS 005 20180913103126.0 008 180913s2018 sp m 001 u spa r 020 $z978-84-16-63970-0* 032 $aLibriCat 040 $aPUL$bita 100 1 $aRomero Galván, Francisco Julián.$0(OLS)http://pul/name/108949 245 13$aEl acompanămiento eclesial en el proceso de la iniciación cristiana: el itinerario espiritual del rica /$cFrancisco Julián Romero Galván. 260 $aMadrid :$bUniversidad San Damaso,$c2018. 300 $aXVI, 547 p. ;$c23 cm. 490 1 $aDissertationes theologicae ;$a27 502 $aTesi di dottorato. Universidad San Damaso. Facultad de Teologia. 2017. 504 $aBibliografia in nota. 650 4$aIniziazione cristiana.$0(OLS)http://pul/subject/44077 710 1 $aUniversidad San Damaso.$pFacultad de Teologia.$kTesi.$0(OLS)http://pul/name/87051 850 $aPUL 852 $aPUL$W1$xDP1 Tesi Varie$y51$m2018 B 2$j191261$qTesi$B197086$CPULBib$Z2$F197086 $81 941 1 $a16 996 $6020$z978-84-16-63970-0*$9(OLS)http://pul/number/164677 996 $6245$aEl acompanămiento eclesial en el proceso de la iniciación cristiana: el itinerario espiritual del rica$9(OLS)http://pul/title/209679 996 $6260$aMadrid :$bUniversidad San Damaso$9(OLS)http://pul/publisher/86874 LEADER 01125nam a2200265 a 4500 001 000000152423 003 CaOOAMICUS 005 20160620182406.0 008 160620s1960 it u000 u ita r 032 $aLibriCat 040 $aPUL$bita 100 1 $aNekrasas, Alexander A.$0(OLS)http://pul/name/97072 245 10$aDe Nationis Notione /$cAlexander A. Nekrasas. 260 $aAstae Pompeiae :$b[s.n.],$c1960. 300 $aXIII, 51 p. ;$c25 cm. 502 $aPars dissertationis ad lauream in facultate philosophiae apud Pontificiam Universitatem S. Thomae de Urbe. 1960. 504 $aBibliografia in nota a pič pagina. 650 04$aNazione$xConcetto.$0(OLS)http://pul/subject/39693 710 2 $aPontificia Universitŕ S. Tommaso.$bFacoltŕ di filosofia.$kTesi.$0(OLS)http://pul/name/83008 850 $aPUL 852 $aPUL$W1$xDP1 Tesi Pon. Univ. S. Tommaso$y44$mTH S.THOM PH155$j175465$qTesi$B177886$CPULBib$Z2$F177886 $81 941 1 $a16 996 $6245$aDe Nationis Notione$9(OLS)http://pul/title/191831 996 $6260$aAstae Pompeiae :$b[s.n.]$9(OLS)http://pul/publisher/85097